Normal view
MARC view
- ACROBAT 5.0
Entry Topical Term
001 - CONTROL NUMBER
- control field: 59866
003 - CONTROL NUMBER IDENTIFIER
- control field: NUST
005 - DATE AND TIME OF LATEST TRANSACTION
- control field: 20210628202428.0
008 - FIXED-LENGTH DATA ELEMENTS
- fixed length control field: 210628|| aca||aabn | a|a d
040 ## - CATALOGING SOURCE
- Original cataloging agency: NUST
- Transcribing agency: NUST
150 ## - HEADING--TOPICAL TERM
- Topical term or geographic name entry element: ACROBAT 5.0
670 ## - SOURCE DATA FOUND
- Source citation: Work cat.: (NUST): Techmedia 59865, Adobe acrobat 5.0, classroom in a book, 2002
